1990s Bands (Sudden Death) - Statistics

General Stats
  • This quiz has been taken 141 times
  • The average score is 10 of 20
Answers on the Grid
Answers color-coded by a green-red scale on the quiz's grid according to % correct below.
U2
Blur
Pulp
Oasis
R.E.M.
Weezer
Nirvana
Coldplay
Metallica
No Doubt
Paramore
Pearl Jam
Green Day
Radiohead
Linkin Park
Sex Pistols
The Clash
The Doors
The Killers
The Police
The Smiths
The Strokes
The Beatles
Joy Division
Arcade Fire
Foo Fighters
Led Zeppelin
Soundgarden
Talking Heads
Alice in Chains
Nine Inch Nails
Arctic Monkeys
Franz Ferdinand
Imagine Dragons
Stone Temple Pilots
Smashing Pumpkins
Red Hot Chili Peppers
The Velvet Underground
Rage Against the Machine
Creedence Clearwater Revival
 
Answer Stats
Answer % Correct
U2
80%
Oasis
78%
Blur
76%
Nirvana
73%
R.E.M.
67%
Weezer
61%
Metallica
54%
Green Day
52%
Pearl Jam
52%
No Doubt
47%
Pulp
47%
Radiohead
45%
Red Hot Chili Peppers
40%
Rage Against the Machine
36%
Nine Inch Nails
34%
Smashing Pumpkins
34%
Alice in Chains
30%
Soundgarden
30%
Foo Fighters
28%
Stone Temple Pilots
28%
No matching quizzes found
Score Distribution
Percent of People with Each Score
Percentile by Number Answered
Your Score History
You have not taken this quiz